Bryce, công cụ tạo dựng thiên nhiên
Sách hướng dẫn kỹ thuật cài đặt cũng như sử dụng phần mềm đồ họa vi tính Bryce - phần mềm chuyên tạo dựng các cảnh thiên nhiên trong không gian 3 chiều
Сохранить в:
| Главный автор: | |
|---|---|
| Формат: | |
| Язык: | Undetermined |
| Опубликовано: |
Tp. HCM
Trẻ
1998
|
| Предметы: | |
| Метки: |
Добавить метку
Нет меток, Требуется 1-ая метка записи!
|
| Thư viện lưu trữ: | Trung tâm Học liệu Trường Đại học Cần Thơ |
|---|
| LEADER | 00759nam a2200181Ia 4500 | ||
|---|---|---|---|
| 001 | CTU_28296 | ||
| 008 | 210402s9999 xx 000 0 und d | ||
| 082 | |a 006.66 | ||
| 082 | |b L431 | ||
| 100 | |a Mạc Bảo Long | ||
| 245 | 0 | |a Bryce, công cụ tạo dựng thiên nhiên | |
| 245 | 0 | |c Mạc Bảo Long | |
| 260 | |a Tp. HCM | ||
| 260 | |b Trẻ | ||
| 260 | |c 1998 | ||
| 520 | |a Sách hướng dẫn kỹ thuật cài đặt cũng như sử dụng phần mềm đồ họa vi tính Bryce - phần mềm chuyên tạo dựng các cảnh thiên nhiên trong không gian 3 chiều | ||
| 650 | |a bryce ( computer programs ),computer graphics - computer programs | ||
| 980 | |a Trung tâm Học liệu Trường Đại học Cần Thơ | ||